Rádce nájemníka bytu /

Hlavní autor: Taraba, Milan, 1944-
Další autoři: Veselá, Lenka
Jazyk: Čeština
Vydáno: Praha : Grada, 2012
Vydání: 7., zcela přeprac. vyd.
Edice: Právo pro každého (Grada)
Témata:
Fyzický popis: 250 s. ; 21 cm
Knihy
Uloženo v:
LEADER 01662nam a2200493 a 4500
001 nkc20122390584
003 CZ PrNK
005 20121019095140.0
007 ta
008 120810s2012 xr e f 000 0 cze
015 |a cnb002390584 
020 |a 978-80-247-4405-6  |q (brož.) 
035 |a (OCoLC)817048550 
040 |a OLA001  |b cze  |d BOA001  |d ABA001 
043 |a e-xr--- 
072 7 |a 347  |x Soukromé právo  |2 Konspekt  |9 16 
080 |a 347.453.3  |2 MRF 
080 |a 347.453  |2 MRF 
080 |a (437.3)  |2 MRF 
080 |a (035)  |2 MRF 
080 |a (094.5)  |2 MRF 
100 1 |a Taraba, Milan,  |d 1944-  |7 jn20001227461  |4 aut 
245 1 0 |a Rádce nájemníka bytu /  |c Milan Taraba, Lenka Veselá 
250 |a 7., zcela přeprac. vyd. 
260 |a Praha :  |b Grada,  |c 2012 
300 |a 250 s. ;  |c 21 cm 
490 1 |a Právo pro každého 
500 |a Obsahuje odkazy na zákony a přehled souvisejících právních předpisů 
504 |a Obsahuje bibliografii 
650 0 7 |a nájem bytů  |7 ph123403  |z Česko  |2 czenas 
650 0 7 |a nájemní právo  |7 ph123406  |z Česko  |2 czenas 
650 0 9 |a residential lease  |z Czechia  |2 eczenas 
650 0 9 |a leases  |z Czechia  |2 eczenas 
655 7 |a příručky  |7 fd133209  |2 czenas 
655 7 |a právní předpisy  |7 fd133151  |2 czenas 
655 9 |a handbooks and manuals  |2 eczenas 
655 9 |a legal regulations  |2 eczenas 
700 1 |a Veselá, Lenka  |7 osa2011673159  |4 aut 
830 0 |a Právo pro každého (Grada)  |0 s 
910 2 |a BOA001  |b 2-1291.000 
990 |a BK 
995 |a 01 
991 |b 201209  |c NOV  |e n 
996 6 |b 2610522032  |c 2-1291.000  |l MZK  |r Sklad / do 1 hodiny  |n 10  |p p.v.  |w 001281431  |u 000010  |a 1  |e BOA001  |j MZK50  |s P